000
00341 a2200157 4500
001
68053
020
_a
9783126765268
040
_c
Anchieta - Pituba
100
_a
Motta, Giorgio
240
1
0
_a
Deutsch echt einfach A2
_l
245
1
0
_a
Deutsch echt einfach A2
300
_a
136
362
0
_a
2017
650
4
_a
Língua alemã
942
_c
BK
999
_c
68053
_d
68053